<?xml version="1.0" encoding="UTF-8"?>
<record
    xmlns:xsi="http://www.w3.org/2001/XMLSchema-instance"
    xsi:schemaLocation="http://www.loc.gov/MARC21/slim http://www.loc.gov/standards/marcxml/schema/MARC21slim.xsd"
    xmlns="http://www.loc.gov/MARC21/slim">

  <leader>01406cam a22002771  4500</leader>
  <controlfield tag="001">agr32001198 </controlfield>
  <controlfield tag="003">DLC</controlfield>
  <controlfield tag="005">20260227110952.0</controlfield>
  <controlfield tag="008">851015s1932    gw ab         000 0 ger c</controlfield>
  <datafield tag="010" ind1=" " ind2=" ">
    <subfield code="a">agr32001198 </subfield>
  </datafield>
  <datafield tag="035" ind1=" " ind2=" ">
    <subfield code="a">(OCoLC)12675457</subfield>
  </datafield>
  <datafield tag="040" ind1=" " ind2=" ">
    <subfield code="a">Library, U.S. Dept. of Agriculture</subfield>
    <subfield code="c">OCU</subfield>
    <subfield code="d">OCoLC</subfield>
    <subfield code="d">DLC</subfield>
  </datafield>
  <datafield tag="042" ind1=" " ind2=" ">
    <subfield code="a">premarc</subfield>
  </datafield>
  <datafield tag="050" ind1="0" ind2="0">
    <subfield code="a">HD1957 1932</subfield>
    <subfield code="b">.D4</subfield>
  </datafield>
  <datafield tag="070" ind1="0" ind2=" ">
    <subfield code="a">281.175</subfield>
    <subfield code="b">D48</subfield>
  </datafield>
  <datafield tag="245" ind1="0" ind2="0">
    <subfield code="a">Deutsche agrarpolitik im rahmen der inneren und &#xE4;usseren wirtschaftspolitik.</subfield>
    <subfield code="b">Im auftrage des vorstandes der Friedrich List-gesellschaft e. v. herausgegeben</subfield>
    <subfield code="c">von Fritz Beckmann, Hermann Bente, Bernard Harms [u.a.]</subfield>
  </datafield>
  <datafield tag="260" ind1=" " ind2=" ">
    <subfield code="a">Berlin,</subfield>
    <subfield code="b">R. Hobbing,</subfield>
    <subfield code="c">1932.</subfield>
  </datafield>
  <datafield tag="300" ind1=" " ind2=" ">
    <subfield code="a">3 v.</subfield>
    <subfield code="b">maps, diagrs.</subfield>
    <subfield code="c">25 cm.</subfield>
  </datafield>
  <datafield tag="490" ind1="0" ind2=" ">
    <subfield code="a">Ver&#xF6;ffentlichungen der Friedrich List-gesellschaft e. v.</subfield>
    <subfield code="v">5.-7. bd.</subfield>
  </datafield>
  <datafield tag="504" ind1=" " ind2=" ">
    <subfield code="a">"Bibliographie [italienisch]": Erg&#xE4;nzungsteil, p. 288-293.</subfield>
  </datafield>
  <datafield tag="505" ind1="0" ind2=" ">
    <subfield code="a">t. 1. Die lage der deutschen landwirtschaft und die gestaltung der agrarpolitischen einzelmassnahmen.--t. 2. Die deutsche agrarpolitik im rahmen einer organischen f&#xF6;rderung der deutschen gesamtwirtschaft.  Erg&#xE4;nzungsteil.  Landwirtschaft und agrarpolitik im ausland.  Verzeichnisse zum gesamtwerk.</subfield>
  </datafield>
  <datafield tag="650" ind1=" " ind2="0">
    <subfield code="a">Agriculture</subfield>
    <subfield code="x">Economic aspects</subfield>
    <subfield code="z">Germany.</subfield>
  </datafield>
  <datafield tag="700" ind1="1" ind2=" ">
    <subfield code="a">Beckmann, Fritz,</subfield>
    <subfield code="d">1888-</subfield>
    <subfield code="e">editor.</subfield>
  </datafield>
  <datafield tag="700" ind1="1" ind2=" ">
    <subfield code="a">Bente, Hermann,</subfield>
    <subfield code="d">1896-</subfield>
    <subfield code="e">joint editor.</subfield>
  </datafield>
  <datafield tag="700" ind1="1" ind2=" ">
    <subfield code="a">Harms, Bernhard,</subfield>
    <subfield code="d">1876-1939,</subfield>
    <subfield code="e">joint editor.</subfield>
  </datafield>
  <datafield tag="999" ind1=" " ind2=" ">
    <subfield code="c">9534</subfield>
    <subfield code="d">9534</subfield>
  </datafield>
</record>
